[Event "13. Festival Ciudad de Lorca 2024 - A"]
[White "Tonndorf, Matthias"]
[Black "Atharva, Kale"]
[Site "Lorca ESP"]
[Round "1.22"]
[Result "1-0"]
[Date "2024.12.26"]
[WhiteElo "2138"]
[BlackElo "1866"]
[PlyCount "119"]
[GameId "2128032954847611"]
[EventDate "2024.12.26"]
[EventCountry "ESP"]
[SourceTitle "Ajedrez en Madrid"]
[Source "lmi"]
[SourceDate "2024.12.26"]
[SourceVersion "1"]
[SourceVersionDate "2025.01.11"]
[SourceQuality "1"]

1. e4 c5 2. Nc3 d6 3. Bb5+ Nd7 4. f4 a6 5. Bxd7+ Bxd7 6. d4 cxd4 7. Qxd4 e6 8. Nf3 Bc6 9. O-O Nf6 10. h3 Be7 11. Be3 O-O 12. Rad1 Qc7 13. Rfe1 b5 14. Bf2 Rfd8 15. Qb6 Qxb6 16. Bxb6 Rdc8 17. Ba5 Rab8 18. a3 Nd7 19. Nd4 Nc5 20. Nb3 Na4 21. Rb1 Nb6 22. Bb4 Nc4 23. Na5 Nxa5 24. Bxa5 d5 25. exd5 Bc5+ 26. Kh2 exd5 27. Rbd1 Re8 28. Nxd5 Rxe1 29. Bxe1 Re8 30. Bb4 Bxd5 31. Rxd5 Bxb4 32. axb4 g6 33. Rd6 Re4 34. c3 Re2 35. Rxa6 Rxb2 36. Rc6 Kg7 37. Rc5 Rc2 38. Kg3 h5 39. Kf3 Rd2 40. h4 Kf6 41. g4 hxg4+ 42. Kxg4 Rd3 43. Rc6+ Kg7 44. h5 Re3 45. hxg6 fxg6 46. f5 Re4+ 47. Kg5 gxf5 48. Kxf5 Re8 49. Rc5 Re3 50. Kf4 Rh3 51. Ke5 Kf7 52. Kd6 Ke8 53. Kc6 Kd8 54. Kxb5 Rh6 55. c4 Kd7 56. Rg5 Kc7 57. Rg7+ Kb8 58. c5 Rf6 59. c6 Rf4 60. Ka5 1-0

[Event "13. Festival Ciudad de Lorca 2024 - A"]
[White "Garcia Sanz, Eduardo"]
[Black "Fernandez Bustamante, Leancy B."]
[Site "Lorca ESP"]
[Round "1.23"]
[Result "0-1"]
[Date "2024.12.26"]
[WhiteElo "1860"]
[BlackElo "2129"]
[PlyCount "58"]
[GameId "2128035009184138"]
[EventDate "2024.12.26"]
[EventCountry "ESP"]
[SourceTitle "Ajedrez en Madrid"]
[Source "lmi"]
[SourceDate "2024.12.26"]
[SourceVersion "1"]
[SourceVersionDate "2025.01.11"]
[SourceQuality "1"]

1. e4 c5 2. Nc3 a6 3. g3 b5 4. Bg2 Bb7 5. d3 b4 6. Nce2 d5 7. exd5 Bxd5 8. Nf4 Bxg2 9. Nxg2 g6 10. Be3 Bg7 11. Qc1 Qd5 12. Kf1 h5 13. h4 Nh6 14. Nh3 Ng4 15. Kg1 Nd7 16. Ng5 Nde5 17. Qd1 O-O 18. Nf4 Qc6 19. Ne4 Nxe3 20. fxe3 Ng4 21. Qe2 Bxb2 22. Rb1 Be5 23. Nf2 Nf6 24. d4 cxd4 25. exd4 Bxd4 26. Rxb4 Bxf2+ 27. Qxf2 Ng4 28. Qd2 Rad8 29. Nd3 Qf3 0-1

[Event "13. Festival Ciudad de Lorca 2024 - A"]
[White "Lasheras Martinez, Juan Thomas"]
[Black "Lazars, Krisjanis"]
[Site "Lorca ESP"]
[Round "1.24"]
[Result "1/2-1/2"]
[Date "2024.12.26"]
[WhiteElo "2128"]
[BlackElo "1858"]
[PlyCount "110"]
[GameId "2128035719811481"]
[EventDate "2024.12.26"]
[EventCountry "ESP"]
[SourceTitle "Ajedrez en Madrid"]
[Source "lmi"]
[SourceDate "2024.12.26"]
[SourceVersion "1"]
[SourceVersionDate "2025.01.11"]
[SourceQuality "1"]

1. d4 Nf6 2. c4 e6 3. Nc3 b6 4. e4 Bb4 5. Bd3 Bb7 6. Qc2 Nc6 7. Nf3 d6 8. O-O Bxc3 9. Qxc3 h6 10. b4 Ne7 11. Re1 O-O 12. Bb2 Nh5 13. Bc2 Ng6 14. e5 Nhf4 15. d5 Nxe5 16. Nxe5 dxe5 17. Qxe5 Qg5 18. Qxg5 hxg5 19. g3 Nh3+ 20. Kf1 Rad8 21. Rad1 Bc8 22. Be5 exd5 23. cxd5 Rd7 24. Re3 Re7 25. Ba4 f6 26. Bd4 Rxe3 27. Bxe3 Bg4 28. Rc1 Rc8 29. Bc6 Rd8 30. Bb7 Bf3 31. Rxc7 Bxd5 32. Bxd5+ Rxd5 33. Rxa7 Rd1+ 34. Ke2 Rb1 35. a3 Rb2+ 36. Kf3 b5 37. Ra5 f5 38. Rxb5 g4+ 39. Kg2 Rb1 40. f4 Rb3 41. Bd4 Rd3 42. Ba7 Rxa3 43. Rb8+ Kf7 44. Rb7+ Ke6 45. Bc5 Kd5 46. Rd7+ Kc4 47. Rd2 Ra1 48. Re2 g6 49. Rb2 Kc3 50. b5 Ra8 51. Rb4 Ra2+ 52. Kf1 Ra1+ 53. Ke2 Ra2+ 54. Kf1 Ra1+ 55. Ke2 Ra2+ 1/2-1/2

[Event "13. Festival Ciudad de Lorca 2024 - A"]
[White "Romero Garcia, Jose Luis"]
[Black "Hanache, Kai"]
[Site "Lorca ESP"]
[Round "1.25"]
[Result "0-1"]
[Date "2024.12.26"]
[WhiteElo "1842"]
[BlackElo "2080"]
[PlyCount "66"]
[GameId "2128036995940777"]
[EventDate "2024.12.26"]
[EventCountry "ESP"]
[SourceTitle "Ajedrez en Madrid"]
[Source "lmi"]
[SourceDate "2024.12.26"]
[SourceVersion "1"]
[SourceVersionDate "2025.01.11"]
[SourceQuality "1"]

1. e4 c5 2. Nf3 d6 3. Nc3 Nc6 4. d4 cxd4 5. Nxd4 Nf6 6. Bc4 Qb6 7. Nxc6 bxc6 8. O-O g6 9. Be3 Qxb2 10. Qd2 Qb4 11. Qd3 Bg7 12. Rab1 Qa5 13. f4 O-O 14. Ne2 d5 15. exd5 cxd5 16. Bb5 Bf5 17. Qb3 Ng4 18. Ng3 Bxc2 19. Qxc2 Nxe3 20. Qe2 Nxf1 21. Rxf1 Rab8 22. a4 e6 23. h4 Rfc8 24. h5 Rc3 25. Qg4 a6 26. hxg6 hxg6 27. Be2 Rbb3 28. Bf3 Qxa4 29. Kh1 Qc4 30. Be2 Rxg3 31. Bxc4 Rxg4 32. Bxb3 Rh4+ 33. Kg1 Bd4+ 0-1

[Event "13. Festival Ciudad de Lorca 2024 - A"]
[White "Cano Mateos, Pablo"]
[Black "Mitul, K H"]
[Site "Lorca ESP"]
[Round "1.26"]
[Result "1-0"]
[Date "2024.12.26"]
[WhiteElo "2067"]
[BlackElo "1834"]
[PlyCount "63"]
[GameId "2128038140576184"]
[EventDate "2024.12.26"]
[EventCountry "ESP"]
[SourceTitle "Ajedrez en Madrid"]
[Source "lmi"]
[SourceDate "2024.12.26"]
[SourceVersion "1"]
[SourceVersionDate "2025.01.11"]
[SourceQuality "1"]

1. e4 e5 2. Nf3 Nc6 3. Bc4 Bc5 4. c3 Nf6 5. d4 exd4 6. b4 Bb6 7. e5 d5 8. exf6 dxc4 9. b5 Nb4 10. cxb4 Qxf6 11. O-O d3 12. Qe1+ Be6 13. Nc3 O-O-O 14. Bg5 d2 15. Bxd2 Bg4 16. Ne4 Qe7 17. Neg5 Qf6 18. Bc3 Qg6 19. Qe4 Bf5 20. Qh4 f6 21. Nh3 Qf7 22. Qg3 h5 23. Rfd1 Rd3 24. Rxd3 cxd3 25. a4 Qb3 26. Bd2 Qb2 27. Rc1 g5 28. Nhxg5 fxg5 29. Qxg5 Bg4 30. a5 Bxf3 31. axb6 Re8 32. Qf5+ 1-0

[Event "13. Festival Ciudad de Lorca 2024 - A"]
[White "Kong, Lingzhijie"]
[Black "Alvarez Morales, Miguel"]
[Site "Lorca ESP"]
[Round "1.27"]
[Result "0-1"]
[Date "2024.12.26"]
[WhiteElo "1816"]
[BlackElo "2065"]
[PlyCount "84"]
[GameId "2128039396995537"]
[EventDate "2024.12.26"]
[EventCountry "ESP"]
[SourceTitle "Ajedrez en Madrid"]
[Source "lmi"]
[SourceDate "2024.12.26"]
[SourceVersion "1"]
[SourceVersionDate "2025.01.11"]
[SourceQuality "1"]

1. d4 Nf6 2. Nc3 d5 3. Bf4 a6 4. e3 e6 5. Nf3 Nbd7 6. Be2 Be7 7. O-O O-O 8. a3 c5 9. Ne5 Nxe5 10. dxe5 Nd7 11. Bg3 Bh4 12. Bxh4 Qxh4 13. f4 b5 14. Rf3 f5 15. Rh3 Qd8 16. Bf1 g6 17. Nxd5 Nxe5 18. Nc3 Ng4 19. Qf3 Ra7 20. Rd1 Rd7 21. Be2 Bb7 22. Qg3 Rxd1+ 23. Nxd1 Qd2 24. Qh4 Rf7 25. Kf1 Rd7 26. c3 Bxg2+ 27. Kxg2 Qxe2+ 28. Nf2 Qxf2+ 29. Qxf2 Nxf2 30. Kxf2 Rd2+ 31. Kf3 Rxb2 32. Kg3 Rc2 33. Kh4 Rxc3 34. Kg5 Kg7 35. Rg3 h6+ 36. Kh4 Kf6 37. Rg1 Rxe3 38. h3 g5+ 39. fxg5+ hxg5+ 40. Rxg5 Rxh3+ 41. Kxh3 Kxg5 42. Kg3 e5 0-1

[Event "13. Festival Ciudad de Lorca 2024 - A"]
[White "Bercaru, Vlad Ionut"]
[Black "Herrero Pena, Laura"]
[Site "Lorca ESP"]
[Round "1.28"]
[Result "1-0"]
[Date "2024.12.26"]
[WhiteElo "2065"]
[BlackElo "1804"]
[PlyCount "143"]
[GameId "2128040706830815"]
[EventDate "2024.12.26"]
[EventCountry "ESP"]
[SourceTitle "Ajedrez en Madrid"]
[Source "lmi"]
[SourceDate "2024.12.26"]
[SourceVersion "1"]
[SourceVersionDate "2025.01.11"]
[SourceQuality "1"]

1. d4 Nf6 2. c4 g6 3. Nc3 Bg7 4. e4 d6 5. h3 O-O 6. Be3 Nbd7 7. g4 e5 8. d5 Nc5 9. f3 a5 10. Nge2 c6 11. Ng3 Ne8 12. dxc6 Qh4 13. cxb7 Bxb7 14. Bf2 Qe7 15. Be2 Nc7 16. Nd5 Nxd5 17. cxd5 Rfc8 18. O-O Ba6 19. Rb1 Bh6 20. Kg2 Bf4 21. Bxa6 Nxa6 22. Ne2 Bg5 23. Nc3 Rab8 24. Na4 Nc5 25. Nxc5 dxc5 26. Qe2 Qd6 27. b3 Qd7 28. Bg3 Re8 29. h4 Bd8 30. Qc4 Qb5 31. Rfc1 Qb4 32. Qxc5 Qd2+ 33. Qf2 Qd3 34. Qc2 Qb5 35. Qc4 Qb7 36. Qc6 Qxc6 37. Rxc6 f6 38. Be1 a4 39. b4 Rb6 40. Bf2 Rb7 41. a3 Kf7 42. Rbc1 Be7 43. Ra6 Rbb8 44. Rc7 Rec8 45. Rxc8 Rxc8 46. d6 Bd8 47. Bc5 Ke6 48. Rxa4 Kd7 49. Ra7+ Kc6 50. Rxh7 Ra8 51. Ra7 Rb8 52. a4 Rb7 53. Rxb7 Kxb7 54. h5 gxh5 55. gxh5 Kc6 56. h6 f5 57. exf5 Bf6 58. h7 Kd7 59. a5 Kc6 60. a6 Bg7 61. Kh3 Bf6 62. Kg4 Bh8 63. Kh5 Kd7 64. a7 Bf6 65. a8=Q Bg7 66. Qb7+ Kd8 67. Qxg7 Kc8 68. d7+ Kd8 69. Qe7+ Kc7 70. h8=N Kb7 71. d8=N+ Kb8 72. Qb7# 1-0

[Event "13. Festival Ciudad de Lorca 2024 - A"]
[White "Ilinca Ilinca, Filip Antonio"]
[Black "Collado Alcolado, Angel"]
[Site "Lorca ESP"]
[Round "1.29"]
[Result "0-1"]
[Date "2024.12.26"]
[WhiteElo "1790"]
[BlackElo "2061"]
[PlyCount "60"]
[GameId "2128431998234737"]
[EventDate "2024.12.26"]
[EventCountry "ESP"]
[SourceTitle "Ajedrez en Madrid"]
[Source "lmi"]
[SourceDate "2024.12.26"]
[SourceVersion "1"]
[SourceVersionDate "2025.01.11"]
[SourceQuality "1"]

{[%evp 0,52,11,27,13,15,21,-22,16,17,18,16,22,14,-4,-9,-13,-23,-9,-6,-15,-9,-7,-5,-1,-8,-8,-9,1,-56,-29,-9,-25,16,-23,-19,5,-7,-16,-11,-55,-4,-34,-44,-34,-55,-7,-49,-49,-46,-105,-90,-102,-137,-130]} 1. d4 Nf6 2. c4 e6 3. Nc3 d5 4. Nf3 Nbd7 5. e3 a6 6. a4 b6 7. cxd5 exd5 8. g3 Bb7 9. Bg2 Bd6 10. O-O Qe7 11. b3 O-O 12. Bb2 Rae8 13. Rc1 Ne4 14. Nxe4 dxe4 15. Nd2 f5 16. Nc4 Bb4 17. Qc2 Bd5 18. Bc3 b5 19. Bxb4 Qxb4 20. Nd2 c6 21. Qc3 Qd6 22. Rfe1 Re6 23. f3 exf3 24. Bxf3 Rfe8 25. Bxd5 Qxd5 26. Nf1 Nf6 27. axb5 axb5 28. b4 Ne4 29. Qd3 Ng5 30. Nd2 Nh3+ 0-1

[Event "13. Festival Ciudad de Lorca 2024 - A"]
[White "Fondrat, Johan"]
[Black "Patil, Rushad"]
[Site "Lorca ESP"]
[Round "1.30"]
[Result "1-0"]
[Date "2024.12.26"]
[WhiteElo "2054"]
[BlackElo "1783"]
[PlyCount "73"]
[GameId "2128436285300899"]
[EventDate "2024.12.26"]
[EventCountry "ESP"]
[SourceTitle "Ajedrez en Madrid"]
[Source "lmi"]
[SourceDate "2024.12.26"]
[SourceVersion "1"]
[SourceVersionDate "2025.01.11"]
[SourceQuality "1"]

1. e4 c6 2. d4 d5 3. e5 Bf5 4. h4 Qb6 5. g4 Bd7 6. c3 e6 7. Nd2 a5 8. Bd3 c5 9. Ne2 a4 10. O-O Bb5 11. Nf3 Nc6 12. Be3 Qa6 13. Nf4 Nh6 14. g5 Nf5 15. Re1 Bxd3 16. Nxd3 cxd4 17. Bxd4 Ncxd4 18. cxd4 h6 19. g6 fxg6 20. Nf4 Kf7 21. h5 gxh5 22. Nh4 Nxh4 23. Qxh5+ g6 24. Qxh4 Be7 25. Qg4 Rhg8 26. Re3 h5 27. Qf3 Kg7 28. Nxh5+ gxh5 29. Qxh5 Kf8+ 30. Kh1 Rg5 31. Rf3+ Rf5 32. Qh8+ Kf7 33. Qh5+ Kf8 34. Rg1 Bf6 35. Qh7 Bg7 36. Qxg7+ Ke8 37. Qg8+ 1-0

[Event "13. Festival Ciudad de Lorca 2024 - A"]
[White "Asensio Ramon, Ismael"]
[Black "Asensio Linan, Teodoro"]
[Site "Lorca ESP"]
[Round "1.31"]
[Result "0-1"]
[Date "2024.12.26"]
[WhiteElo "1782"]
[BlackElo "2052"]
[PlyCount "64"]
[GameId "2128437601214659"]
[EventDate "2024.12.26"]
[EventCountry "ESP"]
[SourceTitle "Ajedrez en Madrid"]
[Source "lmi"]
[SourceDate "2024.12.26"]
[SourceVersion "1"]
[SourceVersionDate "2025.01.11"]
[SourceQuality "1"]

1. d4 Nf6 2. Nf3 g6 3. c4 Bg7 4. Nc3 d6 5. e4 O-O 6. Be2 Bg4 7. Qb3 Qc8 8. h3 Bxf3 9. Bxf3 Nc6 10. Be3 e5 11. d5 Nd4 12. Bxd4 exd4 13. Ne2 Re8 14. Qd3 Nd7 15. Rd1 Nc5 16. Qb1 d3 17. Ng3 f5 18. O-O fxe4 19. Bg4 Qd8 20. b4 h5 21. bxc5 hxg4 22. hxg4 Qh4 23. Rde1 Qxg4 24. Qxb7 d2 25. Re2 e3 26. fxe3 Qxg3 27. Qxc7 Rf8 28. Rxd2 Qxe3+ 29. Rdf2 Rxf2 30. Rxf2 Qe1+ 31. Rf1 Bd4+ 32. Kh2 Qh4# 0-1

[Event "13. Festival Ciudad de Lorca 2024 - A"]
[White "Perez Epinin, Gines"]
[Black "Fernandez Calzada, Juan A."]
[Site "Lorca ESP"]
[Round "1.32"]
[Result "1-0"]
[Date "2024.12.26"]
[WhiteElo "2052"]
[BlackElo "1773"]
[PlyCount "73"]
[GameId "2128439272427729"]
[EventDate "2024.12.26"]
[EventCountry "ESP"]
[SourceTitle "Ajedrez en Madrid"]
[Source "lmi"]
[SourceDate "2024.12.26"]
[SourceVersion "1"]
[SourceVersionDate "2025.01.11"]
[SourceQuality "1"]

1. d4 Nf6 2. c4 e5 3. dxe5 Ng4 4. e4 Nxe5 5. f4 Ng6 6. Nc3 a5 7. Be3 Bb4 8. Nge2 Nc6 9. a3 Be7 10. g3 d6 11. h3 Bd7 12. Bg2 Qc8 13. Nd5 Bd8 14. c5 dxc5 15. Bxc5 b6 16. Be3 a4 17. Rc1 Ra7 18. Nd4 Nxd4 19. Qxd4 O-O 20. Nxb6 c5 21. Nxc8 cxd4 22. Nxa7 dxe3 23. Nc6 Bb6 24. Ke2 Re8 25. Rhd1 Bc8 26. Nb4 h5 27. Kf3 h4 28. Nd5 Ba7 29. g4 Bb7 30. Bf1 Bb8 31. f5 Ne7 32. Bc4 Be5 33. Bb5 Nxd5 34. Bxe8 Nf6 35. Bc6 e2 36. Rd8+ Kh7 37. Bxb7 1-0

[Event "13. Festival Ciudad de Lorca 2024 - A"]
[White "Guirado Lara, Pablo"]
[Black "Shah, Jeet"]
[Site "Lorca ESP"]
[Round "1.33"]
[Result "0-1"]
[Date "2024.12.26"]
[WhiteElo "1735"]
[BlackElo "2052"]
[PlyCount "98"]
[GameId "2128440056328415"]
[EventDate "2024.12.26"]
[EventCountry "ESP"]
[SourceTitle "Ajedrez en Madrid"]
[Source "lmi"]
[SourceDate "2024.12.26"]
[SourceVersion "1"]
[SourceVersionDate "2025.01.11"]
[SourceQuality "1"]

{[%evp 0,82,11,9,14,14,9,1,13,8,20,8,18,18,19,15,17,-5,1,-6,0,-53,-18,-16,-28,-20,-12,-23,-23,-39,0,-1,66,-23,-38,-14,-47,-102,-48,-52,-56,-64,-45,-56,-110,-47,-121,-77,-117,-29,-129,-79,-38,-20,-36,-29,1,-15,-131,-28,-28,-22,-21,-14,0,-16,-24,-67,-53,-65,-56,-46,-68,-55,-39,-20,-28,-20,-26,-9,-99,-28,-28,-27,-2]} 1. e4 e5 2. Nf3 Nc6 3. Bc4 Nf6 4. d3 h6 5. Bb3 d6 6. c3 g6 7. Nbd2 Bg7 8. h3 a5 9. Nf1 d5 10. Qe2 Be6 11. Ba4 Qd6 12. Ng3 O-O 13. O-O Nd7 14. Bd2 Rae8 15. Rad1 f5 16. Rfe1 Nc5 17. Bc2 f4 18. Nf1 d4 19. b4 dxc3 20. bxc5 Qxc5 21. Bc1 Bxa2 22. Ba4 Be6 23. Bxc6 bxc6 24. Qc2 Qb4 25. N1d2 cxd2 26. Bxd2 Qd6 27. Bxa5 Ra8 28. Qc3 Rfb8 29. Rb1 c5 30. Rec1 Rxb1 31. Rxb1 Bf8 32. Qd2 g5 33. Bc3 Bg7 34. Qc2 g4 35. hxg4 Bxg4 36. Ra1 Rd8 37. Ne1 f3 38. gxf3 Bh3 39. Kh2 Bf1 40. Kg1 Bh3 41. Kh2 Be6 42. Rb1 Rf8 43. Qe2 Qe7 44. Ng2 Qf7 45. Ne1 Qh5+ 46. Kg1 Rf6 47. Qb2 Bh3 48. Kh1 Rg6 49. f4 Bf1# 0-1

[Event "13. Festival Ciudad de Lorca 2024 - A"]
[White "Beneyto De Ramon, Guillermo"]
[Black "Mengual Brotons, Jesus"]
[Site "Lorca ESP"]
[Round "1.34"]
[Result "1-0"]
[Date "2024.12.26"]
[WhiteElo "2034"]
[BlackElo "1723"]
[PlyCount "79"]
[GameId "2128466867569742"]
[EventDate "2024.12.26"]
[EventCountry "ESP"]
[SourceTitle "Ajedrez en Madrid"]
[Source "lmi"]
[SourceDate "2024.12.26"]
[SourceVersion "1"]
[SourceVersionDate "2025.01.11"]
[SourceQuality "1"]

1. d4 d5 2. c4 e6 3. Nc3 Nf6 4. Bg5 c6 5. e3 Nbd7 6. Nf3 Bd6 7. Qc2 Qc7 8. Rd1 O-O 9. c5 Be7 10. Bd3 e5 11. Bxh7+ Kh8 12. Bf5 e4 13. Bxd7 exf3 14. Bxc8 fxg2 15. Rg1 Qxh2 16. Kd2 Raxc8 17. Kc1 Rfe8 18. f4 Qg3 19. Rxg2 Qxe3+ 20. Kb1 Ne4 21. Nxe4 Qxe4 22. Qxe4 dxe4 23. Bxe7 Rxe7 24. Rh1+ Kg8 25. Rgh2 f5 26. Rh8+ Kf7 27. Rxc8 Rd7 28. Rh5 Ke6 29. Re8+ Kf6 30. Rf8+ Kg6 31. Rg5+ Kh7 32. Rfxf5 Rxd4 33. Rf7 e3 34. Rfxg7+ Kh6 35. R7g6+ Kh7 36. f5 Rd1+ 37. Kc2 Rd2+ 38. Kc3 Rh2 39. Rg7+ Kh8 40. f6 1-0

[Event "13. Festival Ciudad de Lorca 2024 - A"]
[White "Guirado Castillo, Pablo"]
[Black "Sala Esquiva, Miguel"]
[Site "Lorca ESP"]
[Round "1.35"]
[Result "0-1"]
[Date "2024.12.26"]
[WhiteElo "1698"]
[BlackElo "2015"]
[PlyCount "96"]
[GameId "2128470376944735"]
[EventDate "2024.12.26"]
[EventCountry "ESP"]
[SourceTitle "Ajedrez en Madrid"]
[Source "lmi"]
[SourceDate "2024.12.26"]
[SourceVersion "1"]
[SourceVersionDate "2025.01.11"]
[SourceQuality "1"]

1. d4 Nf6 2. Nf3 g6 3. Nc3 d5 4. Bf4 Bg7 5. Nb5 Na6 6. h3 c6 7. Nc3 O-O 8. e3 Nc7 9. Bd3 c5 10. Qd2 Ne6 11. Be5 Bh6 12. O-O Nd7 13. Bf4 g5 14. Bh2 g4 15. hxg4 cxd4 16. Nxd5 Ndc5 17. Nf4 dxe3 18. Qxe3 Nxd3 19. cxd3 Ng5 20. Qe5 f6 21. Qd5+ Ne6 22. Qc4 Bxf4 23. Bxf4 Kh8 24. Be3 Rg8 25. g5 Qf8 26. gxf6 exf6 27. Qh4 b6 28. g3 Bb7 29. Nd2 Rg6 30. Ne4 Rd8 31. Rfd1 Nd4 32. Kf1 Nc2 33. Rac1 Nxe3+ 34. fxe3 Rh6 35. Qf4 Rh2 36. Qxf6+ Qxf6+ 37. Nxf6 Rf8 38. Rc7 Rxf6+ 39. Ke1 Bf3 40. Rdc1 Re2+ 41. Kf1 Bg4+ 42. Kg1 Rf3 43. Rxa7 Rxg3+ 44. Kf1 Rgxe3 45. Rcc7 Bh3+ 46. Kg1 Rg2+ 47. Kf1 Rc2+ 48. Kg1 Re1# 0-1

[Event "13. Festival Ciudad de Lorca 2024 - A"]
[White "Maklakova, Naomi"]
[Black "Strekalovs, Ernests"]
[Site "Lorca ESP"]
[Round "1.36"]
[Result "1-0"]
[Date "2024.12.26"]
[WhiteElo "2003"]
[BlackElo "1639"]
[PlyCount "57"]
[GameId "2128478297397142"]
[EventDate "2024.12.26"]
[EventCountry "ESP"]
[SourceTitle "Ajedrez en Madrid"]
[Source "lmi"]
[SourceDate "2024.12.26"]
[SourceVersion "1"]
[SourceVersionDate "2025.01.11"]
[SourceQuality "1"]

1. d4 Nf6 2. Nf3 d6 3. Nc3 Nbd7 4. e4 e5 5. Be3 g6 6. Qd2 Bg7 7. O-O-O O-O 8. dxe5 dxe5 9. Nxe5 Nxe4 10. Nxe4 Bxe5 11. f4 Bg7 12. g4 Qe7 13. Bd3 b6 14. Rhe1 Nf6 15. Bd4 Qd8 16. Nxf6+ Bxf6 17. Bxf6 Qxf6 18. f5 Bb7 19. g5 Qd6 20. Qf2 Qb4 21. c3 Qg4 22. Rg1 Qf3 23. Qh4 Qh5 24. Qxh5 gxh5 25. g6 Bf3 26. Rdf1 Bg4 27. Bc4 Rad8 28. gxf7+ Rxf7 29. h3 1-0

[Event "13. Festival Ciudad de Lorca 2024 - A"]
[White "Martinez, Thomas"]
[Black "Navarro Cabrera, Carlos"]
[Site "Lorca ESP"]
[Round "1.37"]
[Result "0-1"]
[Date "2024.12.26"]
[WhiteElo "1594"]
[BlackElo "2003"]
[PlyCount "52"]
[GameId "2128479463765924"]
[EventDate "2024.12.26"]
[EventCountry "ESP"]
[SourceTitle "Ajedrez en Madrid"]
[Source "lmi"]
[SourceDate "2024.12.26"]
[SourceVersion "1"]
[SourceVersionDate "2025.01.11"]
[SourceQuality "1"]

1. c4 Nf6 2. Nc3 c5 3. g3 g6 4. Bg2 Bg7 5. d3 Nc6 6. f4 e6 7. e4 d6 8. Nge2 O-O 9. a3 Nd4 10. Rb1 a5 11. Nxd4 cxd4 12. Nb5 Qb6 13. b4 axb4 14. Rxb4 Nd7 15. h4 Nc5 16. Kf1 Qd8 17. Qe2 Qe7 18. e5 dxe5 19. fxe5 f6 20. Nxd4 fxe5+ 21. Nf3 Qd6 22. Kg1 Nxd3 23. Qd2 e4 24. Ng5 Qxg3 25. Bb2 Rf2 26. Nxe4 Qxg2# 0-1

[Event "13. Festival Ciudad de Lorca 2024 - A"]
[White "Li, Di"]
[Black "Cano Mateos, Pablo"]
[Site "Lorca ESP"]
[Round "2.1"]
[Result "1-0"]
[Date "2024.12.27"]
[WhiteElo "2552"]
[BlackElo "2067"]
[PlyCount "77"]
[GameId "2127584719425334"]
[EventDate "2024.12.26"]
[EventCountry "ESP"]
[SourceTitle "Ajedrez en Madrid"]
[Source "lmi"]
[SourceDate "2024.12.26"]
[SourceVersion "1"]
[SourceVersionDate "2025.01.11"]
[SourceQuality "1"]

1. Nf3 Nf6 2. c4 e6 3. b3 b6 4. g3 Bb7 5. Bg2 Be7 6. Bb2 O-O 7. O-O d5 8. cxd5 exd5 9. Re1 c5 10. d4 Nc6 11. Nc3 Ne4 12. e3 Nxc3 13. Bxc3 Bf6 14. Rc1 cxd4 15. Nxd4 Ne5 16. Re2 Rc8 17. Rd2 Qd7 18. h3 Rc5 19. Bb2 Rfc8 20. Rb1 Ba6 21. Kh2 g6 22. Nf3 Nxf3+ 23. Qxf3 Bxb2 24. Rbxb2 Bb7 25. Rb1 R8c7 26. Qf4 a5 27. Rbd1 a4 28. bxa4 Rc4 29. Rd4 Rxd4 30. Rxd4 Rc2 31. e4 Rxa2 32. exd5 Qf5 33. Qb8+ Qc8 34. Qf4 Qc2 35. d6 Qxf2 36. Qxf2 Rxf2 37. Kg1 Rxg2+ 38. Kf1 Bc6 39. d7 1-0

[Event "13. Festival Ciudad de Lorca 2024 - A"]
[White "Fernandez Bustamante, Leancy B."]
[Black "Vignesh, N R"]
[Site "Lorca ESP"]
[Round "2.2"]
[Result "0-1"]
[Date "2024.12.27"]
[WhiteElo "2129"]
[BlackElo "2523"]
[PlyCount "70"]
[GameId "2127586665463954"]
[EventDate "2024.12.26"]
[EventCountry "ESP"]
[SourceTitle "Ajedrez en Madrid"]
[Source "lmi"]
[SourceDate "2024.12.26"]
[SourceVersion "1"]
[SourceVersionDate "2025.01.11"]
[SourceQuality "1"]

1. e4 c5 2. Nc3 Nc6 3. Bb5 Nd4 4. Bc4 e6 5. d3 a6 6. a4 g6 7. Nge2 Bg7 8. Nxd4 cxd4 9. Ne2 Ne7 10. O-O d5 11. Bb3 dxe4 12. dxe4 Nc6 13. f4 O-O 14. Ng3 Bd7 15. Bd2 Na5 16. Bxa5 Qxa5 17. e5 Bc6 18. Qd3 Rfd8 19. Kh1 b5 20. f5 bxa4 21. fxe6 fxe6 22. Bxa4 Bxa4 23. Qc4 Qxe5 24. Rxa4 a5 25. Raa1 Rab8 26. Rfe1 Qd5 27. Qxd5 Rxd5 28. Rxe6 d3 29. cxd3 Bxb2 30. Rb1 Rxd3 31. Ne4 a4 32. Ra6 a3 33. g3 Rdd8 34. Nc5 Ra8 35. Rb6 Bd4 0-1

[Event "13. Festival Ciudad de Lorca 2024 - A"]
[White "Ilinca, Felix-Antonio"]
[Black "Bercaru, Vlad Ionut"]
[Site "Lorca ESP"]
[Round "2.3"]
[Result "1/2-1/2"]
[Date "2024.12.27"]
[WhiteElo "2450"]
[BlackElo "2065"]
[PlyCount "76"]
[GameId "2127586978570404"]
[EventDate "2024.12.26"]
[EventCountry "ESP"]
[SourceTitle "Ajedrez en Madrid"]
[Source "lmi"]
[SourceDate "2024.12.26"]
[SourceVersion "1"]
[SourceVersionDate "2025.01.11"]
[SourceQuality "1"]

1. e4 c5 2. Nf3 Nc6 3. Nc3 e5 4. Bc4 g6 5. d3 h6 6. O-O Bg7 7. Ne1 Nf6 8. f4 O-O 9. Nd5 Nxd5 10. exd5 Na5 11. fxe5 Bxe5 12. Nf3 Bg7 13. Bf4 Nxc4 14. dxc4 d6 15. Qe1 g5 16. Bd2 f5 17. Bc3 Bd7 18. Qd2 Bxc3 19. Qxc3 Qf6 20. Qxf6 Rxf6 21. h4 g4 22. Ne1 f4 23. Nd3 Raf8 24. Rae1 f3 25. g3 Bf5 26. Kf2 a6 27. a4 b5 28. b3 Bxd3 29. cxd3 bxa4 30. bxa4 Rb8 31. Rb1 Rff8 32. a5 Rxb1 33. Rxb1 Re8 34. Rb6 Re2+ 35. Kf1 Ra2 36. Rxd6 Ra1+ 37. Kf2 Ra2+ 38. Kf1 Ra1+ 1/2-1/2

[Event "13. Festival Ciudad de Lorca 2024 - A"]
[White "Hanache, Kai"]
[Black "Cabrera, Alexis"]
[Site "Lorca ESP"]
[Round "2.4"]
[Result "0-1"]
[Date "2024.12.27"]
[WhiteElo "2080"]
[BlackElo "2410"]
[PlyCount "58"]
[GameId "2127587505152196"]
[EventDate "2024.12.26"]
[EventCountry "ESP"]
[SourceTitle "Ajedrez en Madrid"]
[Source "lmi"]
[SourceDate "2024.12.26"]
[SourceVersion "1"]
[SourceVersionDate "2025.01.11"]
[SourceQuality "1"]

1. e4 c5 2. Nf3 d6 3. Bb5+ Bd7 4. Bxd7+ Nxd7 5. O-O e6 6. c4 Ne5 7. d3 Ne7 8. Nc3 N7c6 9. Ne1 Be7 10. f4 Nd7 11. Qg4 Bf6 12. Nc2 Qe7 13. Re1 O-O 14. Rb1 a6 15. Qf3 Kh8 16. Qg4 b5 17. Nd5 exd5 18. exd5 Nce5 19. fxe5 Nxe5 20. Qd1 Qd7 21. Bf4 Rfe8 22. b3 Re7 23. Bxe5 Bxe5 24. Qd2 Rae8 25. Rf1 Qg4 26. Rbe1 Bxh2+ 27. Kxh2 Re2 28. Rf2 Qh4+ 29. Kg1 Qxf2+ 0-1